Miasta w woj. podkarpackim - nagła śmierć - Statystyki

Ogólne statystyki
  • Ten quiz został rozwiązany 91 razy
  • Średni wynik to 17 z 28
Answers on the Grid
Answers color-coded by a green-red scale on the quiz's grid according to % correct below.
Rzeszów
Mielec
Stalowa Wola
Tarnobrzeg
Przemyśl
Krosno
Dębica
Sanok
Zagórz
Lesko
Brzozów
Strzyżów
Ropczyce
Nisko
Leżajsk
Lubaczów
Jarosław
Łańcut
Ustrzyki Dolne
Brzostek
Pilzno
Kolbuszowa
Sokołów Małopolski
Głogów Małopolski
Sędziszów Małopolski
Przeworsk
Boguchwała
Iwonicz-Zdrój
Hrubieszów
Biłgoraj
Kraśnik
Sandomierz
Staszów
Tarnów
Grybów
Nowy Sącz
Dąbrowa Tarnowska
Zawichost
Lubartów
Zwierzyniec
Limanowa
Zakopane
Krynica-Zdrój
Połaniec
 
Statystyki odpowiedzi
Odpowiedź % Poprawnych
Krosno
81%
Łańcut
79%
Przemyśl
77%
Rzeszów
77%
Stalowa Wola
77%
Jarosław
74%
Kolbuszowa
70%
Lesko
70%
Mielec
70%
Sanok
70%
Dębica
68%
Leżajsk
68%
Przeworsk
68%
Tarnobrzeg
68%
Ustrzyki Dolne
66%
Nisko
64%
Ropczyce
57%
Lubaczów
53%
Pilzno
51%
Boguchwała
49%
Brzozów
49%
Strzyżów
49%
Sokołów Małopolski
47%
Głogów Małopolski
45%
Iwonicz-Zdrój
43%
Sędziszów Małopolski
40%
Brzostek
36%
Zagórz
34%
Nie znaleziono quizów pasujących do podanych kryteriów
Rozkład punktacji
Procent ludzi z każdym wynikiem
Percentyl według liczby udzielonych odpowiedzi
Twoja historia wyników
Nie rozwiązałeś tego quizu